Vlady (Record no. 11816)

MARC details
000 - LÍDER
campo de control de longitud fija 01033nam a2200277Ia 4500
008 - ELEMENTOS DE DATOS DE LONGITUD FIJA - INFORMACIÓN GENERAL
campo de control de longitud fija 0000002006 mX ad 0000000000mul00
020 ## - INTERNATIONAL STANDARD BOOK NUMBER
International Standard Book Number 9681680693
090 ## - NÚMERO DE LLAMADA DE TIPO LC LOCALMENTE ASIGNADO (OCLC)
Número de clasificación (OCLC) (R) PRU00 E52v
100 1# - ENTRADA PRINCIPAL - NOMBRE PERSONAL
Nombre de la persona Emerich, Luis Carlos
Fechas asociadas a un nombre 1939.
245 10 - TÍTULO DECLARACIÓN
Título Vlady
Resto del título : libreta de apuntes
-- : edición facsimilar = Sketchbook 1966
-- : facsimile edition
Declaración de responsabilidad / texto Luis Carlos Emerich ; traducción Carmen Testa Hager
260 ## - PUBLICACIÓN, DISTRIBUCIÓN
Lugar de publicación México : Fondo de Cultura Económica; Galería Arvil
Fecha de publicación 2006
300 ## - DESCRIPCIÓN FÍSICA
Alcance 136 p.
Dimensiones / 24 cm.
500 ## - NOTA GENERAL
Nota general Texto bilingue : español inglés \ Proyecto Ganador Programa Apoyos Concertados FGAA 2010
600 00 - ENTRADA DE SUJETO AÑADIDO - NOMBRE PERSONAL
Nombre de la persona VLADY, 19202005/
Subdivisión general TRABAJOS PICTORICOS
650 14 - ENTRADA DE SUJETO AÑADIDO - TÉRMINO TÓPICO
Término tópico o elemento de entrada del nombre geográfico ACUARELA
650 14 - ENTRADA DE SUJETO AÑADIDO - TÉRMINO TÓPICO
Término tópico o elemento de entrada del nombre geográfico ARTE CONTEMPORANEO RUSO
650 14 - ENTRADA DE SUJETO AÑADIDO - TÉRMINO TÓPICO
Término tópico o elemento de entrada del nombre geográfico ARTISTAS PLASTICOS RUSOS
650 14 - ENTRADA DE SUJETO AÑADIDO - TÉRMINO TÓPICO
Subdivisión general CATALOGOS
650 14 - ENTRADA DE SUJETO AÑADIDO - TÉRMINO TÓPICO
Término tópico o elemento de entrada del nombre geográfico DIBUJO A LAPIZ
650 14 - ENTRADA DE SUJETO AÑADIDO - TÉRMINO TÓPICO
Término tópico o elemento de entrada del nombre geográfico DIBUJOS RUSOS
650 14 - ENTRADA DE SUJETO AÑADIDO - TÉRMINO TÓPICO
Término tópico o elemento de entrada del nombre geográfico PINTORES RUSOS
650 14 - ENTRADA DE SUJETO AÑADIDO - TÉRMINO TÓPICO
Término tópico o elemento de entrada del nombre geográfico PINTURA A TINTA CHINA
650 14 - ENTRADA DE SUJETO AÑADIDO - TÉRMINO TÓPICO
Término tópico o elemento de entrada del nombre geográfico PINTURA RUSA
700 1# - ENTRADA AGREGADA - NOMBRE PERSONAL
Nombre de la persona Testa Hager, Carmen
Holdings
Estado de retirada Pérdida de estatus Estado dañado No para préstamo Código de recogida Ubicación permanente Ubicación actual Ubicación de las estanterías Fecha de adquisición Número de llamada completo Código de barras Fecha de la última vez que se vio Número de copia Precio efectivo desde Tipo de artículo Koha
        General ArtNexus ArtNexus General 06/09/2022 P-RU-00 E52V 11937 06/09/2022 Ej.1 06/09/2022 Libro

Powered by Koha